Alice Eve Filmography - Statistics

General Stats
  • This quiz has been taken 10 times
    2 since last reset
  • The average score is 10 of 60
Answer Stats
Type Year Name % Correct
Film 2010 She's Out of My League
100%
TV Show 2005 Agatha Christie's Poirot
50%
Film 2014 Before We Go
50%
Web Series 2016 Black Mirror
50%
Film 2019 Bombshell
50%
TV Show 2011 Entourage
50%
Film 2015 Entourage
50%
TV Film 2004 Hawking
50%
Web Series 2018 Marvel's Iron Fist
50%
Film 2012 Men in Black 3
50%
Film 2014 Night at the Museum: Secret of the Tomb
50%
Film 2017 Please Stand By
50%
TV Show 2018 Robot Chicken
50%
Film 2010 Sex and the City 2
50%
Film 2006 Starter for 10
50%
Film 2013 Star Trek Into Darkness
50%
Film 2011 The Decoy Bride
50%
TV Show 2023 The Lovers
50%
Film 2012 ATM
0%
Film 2017 Bees Make Honey
0%
Documentary Mini-Series 2005 Beethoven
0%
TV Mini-Series 2020 Belgravia
0%
Web Series 2024 Belgravia: The Next Chapter
0%
Film 2006 Big Nothing
0%
Film 2013 Cold Comes the Night
0%
Film 2016 Criminal
0%
Film 2009 Crossing Over
0%
Film 2024 Cult Killer
0%
Theater 2009 Cyrano de Bergerac
0%
Film 2013 Decoding Annie Parker
0%
Film 2015 Dirty Weekend
0%
Theater 2010 Filthy Talk for Troubled Times: Scenes of Intolerance
0%
Film 2023 Freelance
0%
TV Pilot 2017 Hannah Royce's Questionable Choices
0%
Film 2023 Haunting of Queen Mary
0%
Music Video 2015 Hot Ceiling
0%
Director 2017 Ladylike
0%
Short Film 2015 Lithgow Saint
0%
TV Show 2006 Losing Gemma
0%
Film 2016 Misconduct
0%
Web Mini-Series 2018 Ordeal by Innocence
0%
Film 2019 Pelleas
0%
Short Film 2012 Please, Alfonso
0%
Music Video 2013 Queenie Eye
0%
Film 2018 Replicas
0%
Theater 2006-2008 Rock 'n' Roll
0%
Film 2013 Some Velvet Morning
0%
Film 2004 Stage Beauty
0%
Film 2024 Take Cover
0%
Short Film 2007 The Amazing Trousers
0%
Film TBA The Awakening
0%
TV Show 2009 The Book Quiz
0%
Film 2018 The Con Is On
0%
Film 2022 The Infernal Machine
0%
Film 2012 The Raven
0%
TV Mini-Series 2005 The Rotters' Club
0%
Film 2017 The Stolen
0%
Film 2025 Tinsel Town
0%
Film 2018 Untogether
0%
Film 2021 Warning
0%
No matching quizzes found
Score Distribution
Percent of People with Each Score
Percentile by Number Answered
Your Score History
You have not taken this quiz since the last reset